000 00432nam a22001697a 4500
005 20160514171506.0
008 160514b xxu||||| |||| 00| 0 eng d
020 _a0-07-058115-0
041 _aeng
082 _b2448
100 _aMarry Ann von Glinow Steven L. Meshave
_9663
245 _aOrganizational Behaviour
260 _aNew Delhi
_bTata McGraw Hill Ltd.
_c2003
300 _a670
650 _aManagement
_9241
942 _cBK
999 _c877
_d877